Szczegóły MARC21

Słownik języka polskiego. T. 1- /

003 -Nazwa inst., której nr kontr. jest w polu 001 [,]
    • @
    • Nazwa instytucji, której n kontrolny jest w polu 001
    • NUKAT
005 -DATA I CZAS OSTATNIEJ MODYFIKACJI [,]
    • @
    • pole kontrolne
    • 20241231092519.0
040 -Instytucja sporządzająca opis [ , ]
    • a
    • Instytucja, która sporządziła opis (NP)
    • GD U/AJ
    • c
    • Instytucja, która sporządziła rekord (NP)
    • GD U/AJ
    • d
    • Instytucja, która zmodyfikowała rekord (P)
    • GD U/AJ
    • d
    • Instytucja, która zmodyfikowała rekord (P)
    • GD U/ISSs
    • d
    • Instytucja, która zmodyfikowała rekord (P)
    • Ł U/AG
    • d
    • Instytucja, która zmodyfikowała rekord (P)
    • KAT U/MBs
942 -Rodzaj dokumentu [ , ]
    • c
    • Rodzaj dokumentu
    • Książka
100 -Hasło główne - nazwa osobowa [1, ]
    • a
    • Nazwa osobowa (NP)
    • Karłowicz, Jan
    • d
    • Daty biograficzne (NP)
    • (1836-1903).
    • 9
    • KHW
    • 46655
245 -Strefa tytułu i oznaczenia odpowiedzialności [1,0]
    • a
    • Tytuł
    • Słownik języka polskiego. Find
    • n
    • Oznaczenie części (P)
    • T. 1- /
    • c
    • Pozostałe elementy strefy tytułu i oznaczenia odpowiedzialności (NP)
    • J. Karłowicz, A. Kryński, W. Niedźwiedzki.
250 -Strefa wydania [ , ]
    • a
    • Oznaczenie wydania (NP)
    • Wyd. fotooffsetowe.
260 -Strefa adresu wydawniczego [ , ]
    • a
    • Miejsce wydania (P)
    • [Warszawa] :
    • b
    • Nazwa wydawcy (P)
    • Państ. Instytut Wydawniczy,
    • c
    • Data wydania (P)
    • 1952-.
300 -Strefa opisu fizycznego [ , ]
    • a
    • Określenie formy książki i/lub objętość (NP)
    • Wol. ;
    • c
    • Format (NP)
    • 25 cm.
336 -Typ zawartości [ , ]
    • a
    • Termin opisujący typ zawartości
    • Tekst
    • b
    • Kod określający zawartość
    • txt
    • 2
    • Źródło (terminu i kodu)
    • rdacontent
337 -Typ mediów [ , ]
    • a
    • Tryb odtwarzania
    • Bez urządzenia pośredniczącego
    • b
    • Kod typu mediów
    • n
    • 2
    • Źródło (terminu i kodu)
    • rdamedia
338 -Typ/rodzaj nośnika [ , ]
    • a
    • Hasło opisujące typ nośnika
    • Wolumin
    • b
    • Kod typu nośnika
    • nc
    • 2
    • Źródło (terminu i kodu)
    • rdacarrier
380 -Deskryptor - Forma dzieła (P) [ , ]
    • a
    • forma dzieła (NP)
    • Książki
380 -Deskryptor - Forma dzieła (P) [ , ]
    • a
    • forma dzieła (NP)
    • Publikacje informacyjne
388 -Deskryptor - czas powstania dzieła (P) [1, ]
    • a
    • Czas powstania dzieła (NP)
    • 1901-2000
388 -Deskryptor - czas powstania dzieła (P) [1, ]
    • a
    • Czas powstania dzieła (NP)
    • 1945-1989
534 -Uwaga dot. podstawy reprodukcji [ , ]
    • p
    • Określenie wprowadzające
    • Przedr. fotooffsetowy, oryg.:
    • t
    • Tytuł oryginału
    • Słownik języka polskiego ułożony pod red. Jana Karłowicza, Adama Kryńskiego i Władysława Niedźwiedzkiego.
    • c
    • Adres wydawniczy oryginału
    • Warszawa : nakł. prenumeratorów : w druk. E. Lubowskiego i S-ki, 1900.
080 -Uniwersalna Klasyfikacja Dziesiętna [ , ]
    • 2
    • Identyfikator wydania tablic
    • UDC-P058
    • 9
    • UKD
    • 6498
    • a
    • Symbol klasyfikacji
    • 811.162.1'374
    • b
    • Dopowiedzenie
    • Język polski. - Słowniki języka polskiego.
650 -Hasło przedmiotowe [ ,7]
    • a
    • Hasło przedmiotowe
    • Język polski
    • v
    • Określnik formalny
    • słowniki.
    • 2
    • Źródło terminu
    • kaba
    • 9
    • KHW
    • 166817
650 -Hasło przedmiotowe [ ,7]
    • a
    • Hasło przedmiotowe
    • Język polski
    • 2
    • Źródło terminu
    • DBN
    • 9
    • KHW
    • 720917
655 -Hasło w funkcji tematu formalnego [ ,7]
    • a
    • Hasło
    • Słownik
    • 2
    • Źródło terminu
    • DBN
    • 9
    • KHW
    • 720955
658 -Ujęcie treści [ , ]
    • a
    • dziedzina nauki i sztuki/ sfera aktywności życiowej
    • Językoznawstwo
980 -Symbol UKD [ , ]
    • a
    • UKD
    • 811.162.1'374
700 -Hasło dodatkowe - nazwa osobowa [1, ]
    • a
    • Nazwa osobowa (NP)
    • Kryński, Adam Find
    • d
    • Daty biograficzne (NP)
    • (1844-1932).
    • 9
    • KHW
    • 46657
700 -Hasło dodatkowe - nazwa osobowa [1, ]
    • a
    • Nazwa osobowa (NP)
    • Niedźwiedzki, Władysław Find
    • d
    • Daty biograficzne (NP)
    • (1849-1930).
    • 9
    • KHW
    • 686501
710 -Hasło dodatkowe - nazwa ciała zbiorowego [2, ]
    • a
    • Nazwa ciała zbiorowego lub nazwa geograficzna jako pierwszy element (NP)
    • Państwowy Instytut Wydawniczy.
    • 4
    • Kod relacji
    • pbl
    • 9
    • KHW
    • 51410
Lokalizacja Data inwentaryzacji Numer porzadkowy Status udost. Numer tomu Numer inwentarzowy Sygnatura
BG 3-3T. 3 : N-Ó.SN.330 
BG2011-01-1931T. 3 : N-Ó.D.1711 
BG 31T. 3 : N-Ó.Z.18955 
BG 31T. 3 : N-Ó.Z.20237 
BG 31T. 3 : N-Ó.Z.32373 
BG 1-3T. 1 : A-G.SN.328 
BG 2-3T. 2 : H-M.SN.329 
BG 21T. 2 : H-M.Z.32372 
BG2011-01-1911T. 1 : A-G.D.1709 
BG2011-01-1921T. 2 : H-M.D.1710 
BG 11T. 1 : A-G.Z.18953 
BG 21T. 2 : H-M.Z.18954 
BG 11T. 1 : A-G.Z.20235 
BG 21T. 2 : H-M.Z.20236 
BG 11T. 1 : A-G.Z.32371 
BG 4-3T. 4 : P-ProżyszczeSN.331 
BG2011-01-1941T. 4 : P-ProżyszczeD.1712 
BG 41T. 4 : P-ProżyszczeZ.18956 
BG 41T. 4 : P-ProżyszczeZ.20238 
BG 41T. 4 : P-ProżyszczeZ.32374 
BG 5-3T. 5 : Próba-R.SN.332 
BG2011-01-1951T. 5 : Próba-R.D.1713 
BG 51T. 5 : Próba-R.Z.18957 
BG 51T. 5 : Próba-R.Z.20239 
BG 51T. 5 : Próba-R.Z.32375 
BG 6-3T. 6 : S-Ś.SN.333 
BG 7-3T. 7 : T-YSN.334 
BG2011-01-1971T. 7 : T-YD.1715 
BG 71T. 7 : T-YZ.32377 
BG 71T. 7 : T-YZ.20241 
BG 71T. 7 : T-YZ.18959 
BG2011-01-1961T. 6 : S-Ś.D.1714 
BG 61T. 6 : S-Ś.Z.18958 
BG 61T. 6 : S-Ś.Z.20240 
BG 61T. 6 : S-Ś.Z.32376 
BG 8-3T. 8 : Z-Ż.SN.335 
BG2011-01-1981T. 8 : Z-Ż.D.1716 
BG 81T. 8 : Z-Ż.Z.18960 
BG 81T. 8 : Z-Ż.Z.20242 
BG 81T. 8 : Z-Ż.Z.32378 
BG2023-09-2211T. 1 : A-G.Z.126329 
BM 11T. 1 : A-G.P.1706POL. Słowniki jęz. polskiego 009
BM 21T. 2 : H-M.P.1707POL. Słowniki jęz. polskiego 010
BM 31T. 3 : N-Ó.P.1708POL. Słowniki jęz. polskiego 011
BM 41T. 4 : P-ProżyszczeP.1709POL. Słowniki jęz. polskiego 012
BM 51T. 5 : Próba-R.P.1710POL. Słowniki jęz. polskiego 013
BM 61T. 6 : S-Ś.P.1711POL. Słowniki jęz. polskiego 014
BM 71T. 7 : T-YP.1712POL. Słowniki jęz. polskiego 015
BM 81T. 8 : Z-Ż.P.1713POL. Słowniki jęz. polskiego 016